La economía política de la nueva izquierda (Registro nro. 5070)
[ vista simple ]
| 000 -LEADER | |
|---|---|
| fixed length control field | 01022 a2200229 4500 |
| 001 - CONTROL NUMBER | |
| control field | 53083 |
| 005 - DATE AND TIME OF LATEST TRANSACTION | |
| control field | 20260407155804.0 |
| 008 - FIXED-LENGTH DATA ELEMENTS--GENERAL INFORMATION | |
| fixed length control field | 260407a1973 arg spa d |
| 003 - CONTROL NUMBER IDENTIFIER | |
| control field | AR-UNSa-BCEJYS |
| 040 ## - CATALOGING SOURCE | |
| Original cataloging agency | AR-UNSa-BCEJYS |
| Language of cataloging | spa |
| Transcribing agency | AR-UNSa-BCEJYS |
| 080 ## - UNIVERSAL DECIMAL CLASSIFICATION NUMBER | |
| Universal Decimal Classification number | 330.1 |
| Common auxiliary subdivision | Ciencia económica. Conceptos fundamentales de teoría económica. Valor. Capital. Fondos |
| 020 ## - INTERNATIONAL STANDARD BOOK NUMBER | |
| International Standard Book Number | 84-206-1435-1 |
| 041 ## - LANGUAGE CODE | |
| Language code of text/sound track or separate title | spa |
| 100 1# - MAIN ENTRY--PERSONAL NAME | |
| Personal name | Lindbeck, Assar |
| 245 10 - TITLE STATEMENT | |
| Title | La economía política de la nueva izquierda |
| Name of part/section of a work | una opinión ajena |
| 264 #1 - PRODUCTION, PUBLICATION, DISTRIBUTION, MANUFACTURE, AND COPYRIGHT NOTICE | |
| Place of production, publication, distribution, manufacture | Madrid : |
| Name of producer, publisher, distributor, manufacturer | Alianza Editorial |
| Date of production, publication, distribution, manufacture, or copyright notice | 1973 |
| 300 ## - PHYSICAL DESCRIPTION | |
| Extent | 152 p. |
| Dimensions | 18 cm. |
| 505 ## - FORMATTED CONTENTS NOTE | |
| Formatted contents note | Parte I: La crítica de la Nueva Izquierda contra la teoría económica tradicional - Parte II: La crítica de la Nueva Izquierda contra la teoría económica actual - Parte II: ¿Adónde lleva la teoría económica de la Nueva izquierda? |
| 590 ## - LOCAL NOTE (RLIN) | |
| Local note | niveau_biblio:m niveau_hierar:0 |
| 856 41 - ELECTRONIC LOCATION AND ACCESS | |
| Uniform Resource Identifier | <a href="https://www.biblioeco.unsa.edu.ar/pmb/images/libros/L128435.jpg">https://www.biblioeco.unsa.edu.ar/pmb/images/libros/L128435.jpg</a> |
| Link text | Imagen de portada |
| Electronic format type | image/jpeg |
| 942 ## - ADDED ENTRY ELEMENTS (KOHA) | |
| Koha item type | |
| Withdrawn status | Lost status | Damaged status | Not for loan | Home library | Current library | Shelving location | Date acquired | Total checkouts | Full call number | Barcode | Date last seen | Price effective from | Koha item type |
|---|---|---|---|---|---|---|---|---|---|---|---|---|---|
| Biblioteca Prof. Eusebio Cleto del Rey | Biblioteca Prof. Eusebio Cleto del Rey | 07/04/2026 | 330.1 L742 | L128435 | 07/04/2026 | 07/04/2026 | Libro |